000 01209naa a22002897a 4500
001 BR7804500
003 BR-BrBNA
005 20240918174128.0
007 ta
008 230509b bl.||||| |||| 00| 0 por d
040 _aBR-BrBNA
_bpor
_cBiblioteca Nacional de Agricultura
041 _a(Pt)
072 _aC00; E70
_b/G514
090 _aC00 BR7804500
100 1 _aMathias, I.
111 1 _a18. Reuniao Anual da Associacao Brasileira de Educacao Agricola Superior
_cCuiaba, MT (Brazil)
_d17 Oct 1978
245 1 _aO programa de desenvolvimento de recursos humanos para a area de comercializacao e o ensino agricola superior [Brasil]
260 3 _aRio de Janeiro, RJ (Brasil):
_c1978.
500 _aAnais da 18. Reuniao Anual da Associacao Brasileira de Educacao Agricola Superior (ABEAS) Rio de Janeiro, RJ (Brasil): 1978. p. 15-17 (BR7804500-AM)C00
650 _aEducacao
650 _aComercializacao
650 _aEnsino superior
650 _aEnsino agricola
773 0 _tAnais da 18. Reuniao Anual da Associacao Brasileira de Educacao Agricola Superior (ABEAS)
_wC00 BR7804500
_gRio de Janeiro, RJ (Brasil), 1978. p. 15-17
909 _a202404
_bLucia
_c55
_dLucia Elande
942 _cAM
_2AGRIS
999 _c309095
_d309095